2016 - Jaaroverzicht - Statistieken

Algemene statistieken
  • Deze quiz is 24 keer genomen
  • De gemiddelde score is 11 van 20
Antwoordstatistieken
Beschrijving Antwoord % Correct
Bijnaam van het proces waarbij het VK de EU verlaat Brexit
94%
Deze persoon wordt verkozen als nieuwe president van de VS Donald Trump
94%
Deze game zorgt ervoor dat miljoenen mensen koortsachtig opzoek gaan naar onder andere Pikachu Pokémon Go
88%
Angelina Jolie scheidt van deze acteur Brad Pitt
82%
Gastland van het EK voetbal Frankrijk
71%
194 landen ondertekenen dit klimaatverdrag Klimaatakoord van {Parijs}
71%
Op de Franse Nationale Feestdag wordt in deze Zuid-Franse stad een terreuraanslag gepleegd Nice
65%
Deze sprinter wint voor de derde maal Olympisch goud op de 100 en 200 meter spring Usain Bolt
65%
Op deze Belgische luchthaven wordt een terreuraanslag gepleegd Zaventem
65%
Het Frans vluchtelingenkamp bijgenaamd de Jungle wordt ontruimd en ligt in deze stad Calais
59%
Gaststad van de Olympische Zomerspelen 2016 Rio de Janeiro
59%
Deze documenten onthullen grote fraude, belastingontduiking en verdachten geldstromen naar een Centraal-Amerikaans land Panama Papers
47%
Winnaar van dat EK Portugal
47%
Deze persoon wordt de tweede vrouwelijke premier van het VK Theresa May
47%
Deze zanger krijgt de Nobelprijs voor Literatuur Bob Dylan
29%
Deze hoofdterreurverdachte wordt opgepakt in Molenbeek Salah Abdeslam
29%
Dit deel van de Belgische cultuur wordt door de UNESCO tot immaterieel cultureel erfgoed verklaard {Bier}cultuur
24%
Deze non uit Calcutta wordt heiligverklaard Moeder Teresa
18%
Deze presidente van Brazilië wordt door het parlement afgezet Dilma Rousseff
6%
Astronomen ontdekken een planeet die rond deze ster draait, de dichtbijzijnde ster na onze zon Proxima Centauri
0%
Geen overeenkomende quizzen gevonden
Scoreverdeling
Procent van Mensen met Elke Score
Percentiel versus Aantal Correcte Antwoorden
Uw Scoregeschiedenis
U heeft deze quiz nog niet genomen